000 00721nam a2200265Ia 4500
003 OSt
005 20220924121334.0
006 a|||||r|||| 00| 0
007 ta
008 220923b |||||||| |||| 00| 0 ara d
024 _a322226
037 _cTextual
040 _aARTS
_cARTS
_bara
041 _2ara
_aara
082 _aR4v5,M, 168G2
100 _aRojras R.A.P Au.
_9185376
245 0 _aTareekh-e-akhlaqiyat
260 _aHyderabad
_bJamia Usmania India
_c1932
300 _a248p.
_ccm.
650 _a PHILOSOPHY
650 _aETHICS
700 _a Ahmad Ahsan Tr.
_9185377
942 _hR4v5,M, 168G2
_cTEXL
_2CC
999 _c407001
_d407001